Omyly porevolučnej sociálnej politiky najskôr sa stavajú múry, potom strecha, ale v transformácii sociálnej sféry sa začínalo "od konca"

Bibliographic Details
Main Author: Konečný, Stanislav, 1949- (Author)
Format: Article
Language:Slovak
PhysicalDescription:Obr.
Subjects:

MARC

LEADER 00000nab a2200000 a 4500
001 vtls000671293
003 SK-MaSNL
005 20260303043750.0
008 180206c1998 xo 0 slo
015 |a SNBRB1998/09-26428 
035 |a CLN000023470 
040 |a SNKBUCL  |b slo  |c SNKBUCL  |e AACR2 
041 0 |a slo 
044 |a xo  |c SK 
080 |a 304(437.6):362  |2 UDC-MRF-SK2 
100 1 |a Konečný, Stanislav,  |d 1949-  |4 aut  |9 5274 
245 1 0 |a Omyly porevolučnej sociálnej politiky  |b najskôr sa stavajú múry, potom strecha, ale v transformácii sociálnej sféry sa začínalo "od konca"  |c Stanislav Konečný 
300 |b Obr. 
650 0 7 |a politika sociálna  |z Slovensko  |2 snkbucl  |9 844624 
651 7 |a Slovensko  |x politika sociálna  |2 snkbucl  |9 858024 
655 7 |a články z novín a časopisov  |2 snkbucl  |9 267496 
773 0 |t Profit  |g Roč. 6, č. 37 (1998), s. 30-33 
850 |a Slovenská národná knižnica v Martine 
852 |a SNK  |b KIS3GCP 
958 |a RBX 
999 |c 1698196  |d 1700126